Calculus and Analytic Geometry /

Enregistré dans:
Détails bibliographiques
Auteur principal: Stein, Sherman K (Auteur)
Format: Livre
Langue:anglais
Publié: New York : McGraw-Hill, 1987
Édition:4.Edition
Tags: Ajouter un tag
Pas de tags, Soyez le premier à ajouter un tag!

MARC

LEADER 00000nam a22000003a 4500
001 stu30952
005 20150617225734.7
008 930212s1987----xxu-----------------eng-d
020 |a 0-07-061159-9 
040 |a STU  |b slo 
041 0 |a eng 
044 |a xxu 
080 |a 516 
100 1 |a Stein, Sherman K  |4 aut 
245 1 |a Calculus and Analytic Geometry /  |c [aut.] Stein,Sherman K 
250 |a 4.Edition 
260 |a New York :  |b McGraw-Hill,  |c 1987 
300 |a 878 s 
996 |b J89541  |c J*89541  |l JJK5  |s P  |a 0  |w stu30952_0001